000 00327nam a2200133Ia 4500
008 240624s9999 xx 000 0 und d
041 _aeng
082 _a344.7301 MUI
100 _aMUIR DANA M
245 _aMANAGER S GUIDE TO EMPLOYMENT LAW HOW TO
260 _c2003
_bJossey-Bass
300 _aExch.208 : p.
365 _c
_b25
999 _c23539
_d23539